[Event "ICS rated blitz match"]
[Site "204.178.125.65"]
[Date "1999.10.05"]
[Round "?"]
[White "Zippy"]
[Black "Hossa"]
[Result "1-0"]
[WhiteElo "2226"]
[BlackElo "2480"]
[PlyCount "86"]
[EventDate "1999.??.??"]

1. Nf3 d5 2. g3 c6 3. Bg2 Nf6 4. O-O Bf5 5. d3 e6 6. Nc3 Be7 7. Qe1 O-O 8. e4
Bg6 9. Ne5 Nbd7 10. Nxg6 hxg6 11. d4 dxe4 12. Nxe4 Qb6 13. c3 c5 14. dxc5 Bxc5
15. b4 Be7 16. Be3 Qc7 17. Rd1 Nxe4 18. Bxe4 Rfd8 19. a4 a5 20. b5 Nc5 21. Bc2
Rxd1 22. Qxd1 Rd8 23. Qg4 Nd7 24. Rc1 Ne5 25. Qe4 Ba3 26. Rd1 Rxd1+ 27. Bxd1
Qxc3 28. Qxb7 Qe1+ 29. Kg2 Qxd1 30. Qb8+ Kh7 31. Qxe5 Qxa4 32. b6 Qc6+ 33. f3
Bb4 34. Qc7 Qc3 35. Qxc3 Bxc3 36. b7 Be5 37. Bf4 Bc3 38. b8=Q f6 39. Qb3 Bb4
40. Qxe6 g5 41. Bc7 Kh6 42. Qf5 Bc3 43. Bxa5 43... Bb2 {Hossa resigns} 1-0

[Event "ICS rated blitz match"]
[Site "204.178.125.65"]
[Date "1999.08.27"]
[Round "?"]
[White "Zippy"]
[Black "Hossa"]
[Result "1-0"]
[WhiteElo "2336"]
[BlackElo "2345"]
[PlyCount "94"]
[EventDate "1999.??.??"]

1. e4 d5 2. exd5 Qxd5 3. Nc3 Qa5 4. Nf3 Nc6 5. d4 Bf5 6. Bb5 Be4 7. Ne5 Bd5 8.
O-O a6 9. b4 Qxb5 10. Nxb5 axb5 11. Qd3 Na7 12. Re1 e6 13. c3 f6 14. Ng4 Kf7
15. Ne3 Bc6 16. Qe2 Ne7 17. Qg4 Nac8 18. Qh3 Nd6 19. f3 Nd5 20. Nd1 Nf5 21. g4
Nfe7 22. g5 Nf5 23. gxf6 Nxf6 24. Bg5 Ra3 25. Bxf6 Kxf6 26. Qg4 Bd6 27. Re2
Bxb4 28. cxb4 Bxf3 29. Qh3 Bxe2 30. Qxa3 Rd8 31. Nc3 Bc4 32. Ne4+ Kg6 33. Qf3
Rxd4 34. Qg4+ Kf7 35. Qh5+ Kf8 36. Ng3 Bd3 37. Rd1 Rh4 38. Qg5 Rd4 39. Nxf5
exf5 40. Kf2 h6 41. Qe3 c5 42. bxc5 Ra4 43. Qxd3 Rxa2+ 44. Ke1 Ra8 45. Qxf5+
Kg8 46. Qd5+ Kh8 47. Qxb7 47... Re8+ {Hossa resigns} 1-0

[Event "ICS rated blitz match"]
[Site "204.178.125.65"]
[Date "1999.09.19"]
[Round "?"]
[White "Zippy"]
[Black "Hossa"]
[Result "1-0"]
[WhiteElo "2312"]
[BlackElo "2585"]
[PlyCount "102"]
[EventDate "1999.??.??"]

1. e4 c5 2. d4 cxd4 3. c3 dxc3 4. Nxc3 Nc6 5. Bc4 e5 6. Qd5 Qf6 7. Nf3 Bb4 8.
Bg5 Qe6 9. a3 Bxc3+ 10. bxc3 Qxd5 11. exd5 Na5 12. Bd3 f6 13. Bd2 Nb3 14. Rb1
Nxd2 15. Nxd2 Ne7 16. Bc4 Nf5 17. Bd3 Nd6 18. O-O b6 19. f4 Rb8 20. Rbe1 Nf7
21. fxe5 fxe5 22. d6 Nxd6 23. Rxe5+ Kd8 24. Rg5 g6 25. Rd5 Kc7 26. Rf6 Nb7 27.
Ne4 Nd8 28. Nd6 Ne6 29. Nb5+ Kb7 30. Be4 a5 31. Rxe6 dxe6 32. Rd8+ Ka6 33. Nc7+
Ka7 34. Rxh8 b5 35. Rxh7 Kb6 36. h4 e5 37. Bxg6 Rb7 38. h5 Rb8 39. h6 Bb7 40.
Re7 Rh8 41. h7 Bc6 42. Ne6 b4 43. axb4 axb4 44. cxb4 Kb5 45. Ng5 Kxb4 46. Nf7
Ra8 47. Nxe5 Rf8 48. Nxc6+ Kb5 49. Re8 Rf6 50. h8=Q Rxc6 51. Qb2+ 51... Kc5 {
Hossa resigns} 1-0

[Event "ICS rated blitz match"]
[Site "204.178.125.65"]
[Date "1999.08.30"]
[Round "?"]
[White "allo"]
[Black "Hossa"]
[Result "0-1"]
[WhiteElo "2236"]
[BlackElo "2504"]
[PlyCount "102"]
[EventDate "1999.??.??"]

1. d4 Nf6 2. c4 e6 3. Nc3 Bb4 4. Nf3 Bxc3+ 5. bxc3 Ne4 6. Qc2 d5 7. cxd5 exd5
8. Nd2 Nxd2 9. Bxd2 c5 10. e3 Nc6 11. Rb1 c4 12. Be2 O-O 13. Bf3 Re8 14. O-O b6
15. Rfe1 f5 16. g3 Be6 17. Bg2 Qd7 18. f3 Re7 19. e4 fxe4 20. fxe4 Rf8 21. exd5
Bxd5 22. Bxd5+ Qxd5 23. Rxe7 Nxe7 24. Re1 Qf3 25. Bf4 Nd5 26. Rf1 Qxf1+ 27.
Kxf1 Ne3+ 28. Ke2 Nxc2 29. Kd2 g5 30. Bxg5 Rf2+ 31. Kc1 Rxh2 32. Bd2 Na3 33.
Kb2 Nb1 34. Kxb1 Rxd2 35. g4 Rg2 36. g5 Kf7 37. a4 Kg6 38. d5 Rd2 39. Kc1 Rxd5
40. a5 Rxa5 41. Kc2 Kxg5 42. Kd2 Ra3 43. Ke3 Rxc3+ 44. Kd4 Rc2 45. Kd5 Kf5 46.
Kc6 Ke6 47. Kb5 Kd6 48. Ka6 Kc6 49. Kxa7 Ra2+ 50. Kb8 c3 51. Kc8 51... Ra8# {
allo checkmated} 0-1

[Event "ICS rated blitz match"]
[Site "204.178.125.65"]
[Date "1999.08.30"]
[Round "?"]
[White "attackowski"]
[Black "Hossa"]
[Result "0-1"]
[WhiteElo "2031"]
[BlackElo "2479"]
[PlyCount "80"]
[EventDate "1999.??.??"]

1. d4 Nf6 2. c4 e6 3. Nc3 Bb4 4. e3 Ne4 5. Bd3 Nxc3 6. bxc3 Bxc3+ 7. Bd2 Bxa1
8. Qxa1 Qg5 9. Ne2 Qxg2 10. Rg1 Qxh2 11. Rxg7 d6 12. Nf4 Kf8 13. Rg2 Qh1+ 14.
Bf1 Rg8 15. Rxg8+ Kxg8 16. Qc3 c5 17. e4 Qxe4+ 18. Be2 cxd4 19. Qg3+ Kh8 20.
Nh5 Qh1+ 21. Bf1 Qxh5 22. Qxd6 Nd7 23. Qe7 Qf5 24. Bh6 Qb1+ 25. Kd2 Qxa2+ 26.
Kd1 Qb3+ 27. Kd2 Qc3+ 28. Kd1 Qf3+ 29. Kd2 Qxf2+ 30. Kd1 Qxf1+ 31. Kc2 Qxc4+
32. Kd1 Qa4+ 33. Kd2 Qa2+ 34. Kd1 Qb1+ 35. Kd2 Qb2+ 36. Kd1 Qb3+ 37. Kd2 Qc3+
38. Kd1 Qf3+ 39. Kd2 Qg2+ 40. Kd3 40... Ne5+ {attackowski resigns} 0-1

[Event "ICS rated blitz match"]
[Site "204.178.125.65"]
[Date "1999.08.30"]
[Round "?"]
[White "attackowski"]
[Black "Hossa"]
[Result "0-1"]
[WhiteElo "2035"]
[BlackElo "2475"]
[PlyCount "46"]
[EventDate "1999.??.??"]

1. d4 Nf6 2. c4 e6 3. Nc3 Bb4 4. e3 Ne4 5. Qc2 d5 6. Bd3 Bxc3+ 7. bxc3 Nf6 8.
Nf3 dxc4 9. Bxc4 Nbd7 10. O-O c5 11. e4 O-O 12. Bd3 e5 13. dxe5 Ng4 14. e6 fxe6
15. e5 h6 16. Re1 Rxf3 17. gxf3 Ngxe5 18. Bf4 Nxf3+ 19. Kg2 Nxe1+ 20. Rxe1 Nf8
21. Bc4 Bd7 22. Bd6 Bc6+ 23. f3 23... Qxd6 {attackowski resigns} 0-1

[Event "ICS rated blitz match"]
[Site "204.178.125.65"]
[Date "1999.08.30"]
[Round "?"]
[White "attackowski"]
[Black "Hossa"]
[Result "0-1"]
[WhiteElo "2027"]
[BlackElo "2483"]
[PlyCount "74"]
[EventDate "1999.??.??"]

1. d4 Nf6 2. c4 e6 3. Nc3 Bb4 4. e3 Ne4 5. Nge2 O-O 6. f3 Nd6 7. a3 Bxc3+ 8.
Nxc3 Nc6 9. Bd3 e5 10. d5 Ne7 11. Qc2 f5 12. O-O b6 13. b4 c6 14. Bb2 Ba6 15.
dxc6 Nxc4 16. Bxc4+ Bxc4 17. Rfd1 Nxc6 18. Nd5 b5 19. a4 Bxd5 20. Rxd5 Nxb4 21.
Qb3 Nxd5 22. Qxd5+ Kh8 23. Bxe5 bxa4 24. Rxa4 Qb6 25. Rd4 Rfd8 26. Qf7 Qh6 27.
Kf2 d6 28. Bf4 Qg6 29. Qd5 Rab8 30. h3 Rb2+ 31. Rd2 Rxd2+ 32. Qxd2 Qf6 33. Qd4
Qxd4 34. exd4 a5 35. Ke2 a4 36. Bc1 Rb8 37. d5 37... Rb5 {attackowski resigns}
0-1

[Event "ICS rated blitz match"]
[Site "204.178.125.65"]
[Date "1999.09.17"]
[Round "?"]
[White "avishai"]
[Black "Hossa"]
[Result "0-1"]
[WhiteElo "2027"]
[BlackElo "2434"]
[Annotator "Fritz 5.32 (20s)"]
[PlyCount "78"]
[EventDate "1999.??.??"]

1. e4 1... c5 {Opening = B46 - 5.Nc3 a6} 2. Nf3 Nc6 3. d4 cxd4 4. Nxd4 e6 5.
Nc3 a6 6. Be3 Bb4 7. Be2 $11 (7. g3 Nf6 8. Bg2 O-O 9. O-O Bxc3 10. bxc3 Qa5 11.
Nxc6 dxc6 12. c4 Nd7 13. f4 Qc3 14. Qe2 b5 15. e5 Bb7 16. Rad1 Rad8 17. Rd6 Nb8
18. c5 Qb2 19. Qd2 Rc8 20. Qa5 Qxc2 21. Rfd1 Qe2 22. Bf2 Ba8 23. Rd8 Re8 24.
Rxe8+ Rxe8 25. Rd8 Kf8 26. Qc7 {
1-0 Toth,A-Lejnarova,M/Balatonbereny 1993/EXT 97 (26)}) (7. Qd2 Nf6 8. f3 d5 9.
a3 Bxc3 10. Qxc3 dxe4 11. O-O-O Qc7 12. Nxc6 Qxc6 13. Qxc6+ bxc6 14. fxe4 Nxe4
15. Bd3 Nf6 16. Bd4 O-O 17. Rhf1 Nd5 18. c4 Ne7 19. Bc5 Re8 20. Be4 f5 21. Bxe7
21... Rxe7 {Reznicek,T-Vujovic,M/Imperia 1996/EXT 99/1-0 (45)}) (7. Nxc6 Bxc3+
8. bxc3 8... bxc6 $11) (7. Bd3 Nge7 8. O-O Bxc3 9. bxc3 d5 10. f4 dxe4 11. Bxe4
Nd5 12. Qf3 Nce7 13. c4 Nxe3 14. Qxe3 g6 15. Rab1 Qc7 16. Kh1 O-O 17. Qf3 Rb8
18. Bd3 Bd7 19. Rb2 Rfd8 20. Rfb1 Bc8 21. Qe3 21... Qc5 {
Pitschel,K-Mackenzie,G/Paris 1878/HCL/ - (72)}) 7... Bxc3+ 8. bxc3 {
Befestigt b4+d4} 8... d6 9. O-O 9... Nge7 {
Schwarz muss dringend die Entwicklung vorantreiben.} 10. f4 O-O 11. f5 $15 {
Raumvorteil} (11. Qd3 $5 $11) 11... exf5 12. Nxf5 Nxf5 13. exf5 {
Schwarz entwickelt Drohungen in der offenen e-Linie} 13... Re8 14. Qd2 14...
Ne7 $11 (14... Qe7 15. Bg5 Qe5 16. Bd3 $11) 15. Bd3 15... f6 {Kontrolliert g5}
16. Rf3 d5 17. Raf1 Nc6 18. Rg3 Kh8 19. Qe2 19... b5 $11 (19... Re7 20. Rh3 $15
) 20. Qh5 Re7 21. Rh3 {Droht Matt: Qxh7} 21... Qg8 22. Qg6 $2 $19 (22. Rf4 $15
$142 {sieht noch spielbar aus}) 22... Rxe3 23. Rff3 $2 (23. Rxe3 hxg6 24. Rh3+
Qh7 25. Rxh7+ Kxh7 26. fxg6+ Kh6 27. Kf2 $19) 23... Re1+ 24. Kf2 Re7 25. Rh4 (
25. Rxh7+ {ist noch eine Idee} 25... Qxh7 26. Rh3 Qxh3 27. gxh3 $19) 25... Ne5
26. Qh5 Nxf3 27. gxf3 Bd7 28. h3 (28. Qg4 {nuetzt auch nichts mehr} 28... Rae8
$19) 28... Rc8 {Nun geraet Weiss unter starken Druck.} 29. Kg3 (29. Kg2 {
aendert nichts mehr} 29... Rxc3 30. Rb4 30... Qc8 $19) 29... Rxc3 30. Qg6 Ra3
31. Kf2 Rxa2 32. Kg3 (32. Qg1 {aendert den traurigen Lauf der Dinge nicht}
32... Qb8 33. Kg2 33... Qe5 $19) 32... Ra1 (32... Re3 33. Rf4 hxg6 34. Rh4+ Qh7
35. Rxh7+ Kxh7 36. fxg6+ Kh6 37. Bf1 Rxc2 38. h4 $19) 33. Kf2 Be8 34. Qg3 Re5
35. Qf4 Bf7 36. Qd2 Qe8 37. Qc3 (37. Rg4 {waere gleichermassen fruchtlos} 37...
Ree1 $19) 37... Ree1 {Es droht Matt} 38. Qc5 Rg1 (38... Rh1 $142 {
machte sofort alles klar} 39. Re4 dxe4 40. fxe4 $19) 39. Rg4 (39. Qb4 $19 {
koennte noch eine geringe Chance darstellen}) 39... Qe1# 0-1

[Event "ICS rated blitz match"]
[Site "204.178.125.65"]
[Date "1999.09.17"]
[Round "?"]
[White "avishai"]
[Black "Hossa"]
[Result "0-1"]
[WhiteElo "2021"]
[BlackElo "2440"]
[Annotator "Fritz 5.32 (20s)"]
[PlyCount "74"]
[EventDate "1999.??.??"]

1. e4 1... c5 {Opening = B46 - 5.Nc3 a6} 2. Nf3 Nc6 3. d4 cxd4 4. Nxd4 e6 5.
Nc3 a6 6. Bc4 Bb4 (6... Qc7 7. O-O Nf6 8. h3 Nxd4 9. Qxd4 Bc5 10. Qd3 b5 11.
Bb3 Bb7 12. Re1 O-O 13. Be3 d6 14. a3 Rac8 15. f3 Rfd8 16. Rad1 h6 17. Qe2 Qb6
18. Qf2 Bxe3 19. Rxe3 Kf8 20. Red3 Qxf2+ 21. Kxf2 {
Lutikov,A-Taimanov,M/Jurmala 1978/EXT 99/ - (50)}) 7. a3 $146 (7. Bb3 Qc7 8.
O-O Bxc3 9. bxc3 Nf6 10. Qe2 Qe5 11. Nxc6 bxc6 12. Re1 Qxc3 13. Ba3 Qe5 14.
Rad1 d5 15. exd5 Qxe2 16. Rxe2 cxd5 17. Bxd5 Nxd5 18. Rxd5 Bb7 19. Rd6 Bd5 20.
Rxd5 Rb8 21. Rd1 Rd8 22. Red2 Rxd2 23. Rxd2 f6 24. c4 Kf7 25. Rd7+ Kg6 26. c5
a5 27. c6 Rb8 28. Kf1 Rb1+ 29. Ke2 Rb8 30. c7 Rc8 31. Bd6 {
1-0 Guettler,S-Piochacz,P/Bensheim 1997/EXT 99 (31)}) (7. Nde2 b5 8. Bb3 Bb7 9.
a3 Ba5 10. O-O Nge7 11. Bf4 O-O 12. Qd3 Bc7 13. Bxc7 Qxc7 14. Rfd1 Rfd8 15. Na2
d5 16. c3 Na5 17. Bc2 dxe4 18. Qe3 Nc4 19. Rxd8+ Rxd8 20. Qc1 e3 21. fxe3 21...
Nf5 {Schmidt,G-Pollok,J/Pinneberg 1998/EXT 99/0-1 (34)}) (7. O-O Bxc3 8. bxc3
Nge7 9. Be3 O-O 10. f4 d5 11. exd5 Nxd5 12. Nxc6 bxc6 13. Bd4 a5 14. Qe2 Re8
15. Rad1 Qh4 16. Qe5 Nf6 17. Be2 Bd7 18. Rd3 Qh6 19. Rh3 Qg6 20. Bd3 Ne4 21.
Bxe4 f5 22. Rg3 {1-0 Fliter,I-Berndorff,A/Friedrichroda 1997/EXT 99 (22)}) 7...
Bxc3+ 8. bxc3 {Verwehrt dem Gegner b4+d4} 8... d5 9. exd5 exd5 10. Bb3 Nge7 11.
O-O O-O 12. Bg5 f6 13. Bf4 Ng6 14. Bg3 14... Nce5 $14 (14... f5 15. h3 $11) 15.
f4 Bg4 16. Qd2 $11 (16. Qb1 16... Nc6 $14) 16... Nc4 {c4, ein Paradefeld} 17.
Qf2 {Will f5 spielen} 17... Re8 18. h3 Bh5 19. f5 Nge5 20. Rae1 $15 (20. Ne6 $5
20... Qa5 21. Bxe5 Nxe5 22. Qd4 $11) 20... Qa5 ({Nicht} 20... Nxa3 21. Ne6 Qd7
22. Bxe5 fxe5 23. Qd2 $14) 21. Bxe5 Nxe5 ({Nachteilig ist} 21... fxe5 22. f6
gxf6 23. Qxf6 $14) 22. Qg3 Bf7 23. Re3 $17 (23. a4 23... Rac8 $15) 23... Ra7
$11 (23... Qxa3 $5 $142 24. Rfe1 24... b5 $17) 24. a4 b6 25. Rfe1 $15 (25. Ne6
Bxe6 26. fxe6 Rae7 27. Rxf6 27... Qc5 $11) 25... Rae7 26. Rxe5 $4 $19 {
Uebt Druck auf den Isolani d5 aus} (26. Kh1 $15 $142 {
haette die Partie gerettet}) 26... Rxe5 {
Schwarz entwickelt eine toedliche Initiative} (26... fxe5 27. f6 Bg6 28. fxe7
exd4 29. cxd4 $18) 27. Rxe5 fxe5 28. f6 {Droht Matt} 28... Bg6 29. Nf5 {
Weiss droht, mit f7 kontern} 29... gxf6 30. h4 (30. Ne3 Qxc3 31. Qf2 31... Qd4
$19) 30... Kh8 31. Nd6 (31. Qf2 {der letzte Widerstandsversuch} 31... Rf8 32.
Ne7 $19) 31... Qc5+ 32. Kh2 Qxd6 33. Qg4 (33. Qe3 {hilft allerdings auch nicht}
33... Qc6 $19) 33... Qd8 (33... e4+ $5 {laesst dem Gegner kaum Chancen} 34. Kg1
Qc5+ 35. Kh2 $19) 34. h5 (34. c4 {aendert den traurigen Lauf der Dinge nicht}
34... d4 $19) 34... Be4 35. h6 (35. Qh4 {holt die Kuh nicht vom Eis} 35... Rg8
36. g3 36... Rg5 $19) 35... Rg8 {Mit der Mattdrohung Rxg4} 36. Qh4 Rxg2+ 37.
Kh3 (37. Kh1 {waere gleichermassen fruchtlos} 37... Re2+ 38. Qxe4 dxe4 39. Bd5
Qxd5 40. Kg1 Qd1#) 37... Qd7+ (37... Qd7+ 38. Qg4 $5 38... Qxg4#) 0-1

[Event "ICS rated blitz match"]
[Site "204.178.125.65"]
[Date "1999.10.12"]
[Round "?"]
[White "aviv2000"]
[Black "Hossa"]
[Result "0-1"]
[WhiteElo "2204"]
[BlackElo "2338"]
[PlyCount "32"]
[EventDate "1999.??.??"]

1. e4 e5 2. Nf3 Nc6 3. Bb5 a6 4. Bxc6 dxc6 5. O-O Bg4 6. h3 Bxf3 7. Qxf3 Ne7 8.
Qb3 b5 9. Nc3 Ng6 10. d3 Bd6 11. Be3 O-O 12. Rad1 Qh4 13. Ne2 a5 14. Qc3 Ra6
15. d4 Qxe4 16. Ng3 16... Qh4 {aviv2000 resigns} 0-1

[Event "ICS rated blitz match"]
[Site "204.178.125.65"]
[Date "1999.09.18"]
[Round "?"]
[White "blik"]
[Black "Hossa"]
[Result "0-1"]
[WhiteElo "2547"]
[BlackElo "2507"]
[PlyCount "180"]
[EventDate "1999.??.??"]

1. d4 d5 2. c4 c6 3. Nf3 Nf6 4. cxd5 cxd5 5. Nc3 Nc6 6. Bf4 e6 7. e3 Bb4 8. Bd3
O-O 9. O-O Bd7 10. a3 Bxc3 11. bxc3 Rc8 12. Qb1 Qb6 13. Qxb6 axb6 14. Rab1 Na5
15. Rfc1 Nc4 16. Ne5 Nxe5 17. Bxe5 Ng4 18. Bf4 Bc6 19. f3 Nf6 20. Rxb6 Ra8 21.
Bd6 Rfc8 22. Rb3 Ne8 23. Bc5 Ra5 24. c4 Nf6 25. Bb4 dxc4 26. Rxc4 Raa8 27. e4
Rc7 28. Bd6 Rd7 29. Be5 Ne8 30. Bf4 Nc7 31. Rcc3 Ne8 32. Be3 Rc7 33. Rb6 Kh8
34. h4 h5 35. g3 Kg8 36. Bf4 Rd7 37. Rb4 Rad8 38. Be3 Rc7 39. Rc5 g6 40. Bf4
Rcc8 41. Kf2 Kg7 42. g4 hxg4 43. fxg4 Ra8 44. Rc3 Nd6 45. Ke3 Ra5 46. Rcb3 f6
47. e5 Ne8 48. Kd2 f5 49. h5 fxg4 50. hxg6 Bd5 51. Rxb7+ Bxb7 52. Rxb7+ Kg8 53.
Bh6 Rc8 54. Rf7 Nc7 55. Rg7+ Kh8 56. Rh7+ Kg8 57. Bg7 Rxa3 58. Rh8+ Kxg7 59.
Rxc8 Nd5 60. Rd8 Ra2+ 61. Kc1 Ra1+ 62. Kb2 Rd1 63. Rd7+ Kg8 64. Bf5 exf5 65.
Rxd5 Re1 66. Rd8+ Kg7 67. Re8 g3 68. Re7+ Kxg6 69. Re6+ Kh5 70. Re8 g2 71. Rg8
g1=Q 72. Rxg1 Rxg1 73. e6 Re1 74. d5 Re5 75. e7 Rxe7 76. Kc3 Rd7 77. Kd4 Kg4
78. Kc5 f4 79. Kc6 Rxd5 80. Kxd5 f3 81. Kd6 Kf5 82. Kc6 Ke6 83. Kb6 Kd5 84. Kb5
f2 85. Kb4 f1=Q 86. Kc3 Qd1 87. Kb4 Qd3 88. Ka5 Kc5 89. Ka4 Qe3 90. Ka5 90...
Qa3# {blik checkmated} 0-1

[Event "ICS rated blitz match"]
[Site "204.178.125.65"]
[Date "1999.09.18"]
[Round "?"]
[White "blik"]
[Black "Hossa"]
[Result "1-0"]
[WhiteElo "2529"]
[BlackElo "2525"]
[Annotator "Fritz 5.32 (20s)"]
[PlyCount "96"]
[EventDate "1999.??.??"]

1. e4 1... c5 {Opening = B46 - 5.Nc3 a6} 2. Nf3 Nc6 3. d4 cxd4 4. Nxd4 e6 5.
Nc3 a6 6. Be2 Bb4 7. Nxc6 Bxc3+ 8. bxc3 dxc6 9. Qxd8+ Kxd8 10. Bg5+ $146 (10.
Ba3 Nf6 11. O-O-O+ Kc7 12. Bd6+ Kb6 13. Rd4 c5 14. Rc4 Kc6 15. e5 Nd7 16. Bf3+
Kb6 17. Rd1 f6 18. Rg4 g6 19. exf6 Nxf6 20. Rc4 Nd7 21. Rf4 {
1-0 Szabo,L-Barczay,L/Budapest 1963/MCD (21)}) 10... f6 11. Be3 Kc7 12. Rb1 b5
13. c4 e5 14. cxb5 axb5 15. c4 Rxa2 16. cxb5 cxb5 17. Bxb5 Ba6 18. O-O Bxb5 19.
Rxb5 Ne7 20. Rc1+ Kd7 21. Bc5 Re8 22. Rb6 22... Rd2 $18 (22... Ng6 $5 23. Rb7+
Ke6 24. Rxg7 24... f5 $16) 23. Bb4 Rd4 24. f3 h5 (24... Nc6 25. Rb7+ Kc8 26.
Rxg7 $18) 25. Rb7+ Ke6 26. Rcc7 {Mit der Mattdrohung Rxe7} 26... Rxb4 27. Rxb4
Rc8 28. Ra7 (28. Rb6+ {ist genauer} 28... Kf7 29. Ra7 29... h4 $18) 28... g6
29. Rb6+ Kf7 30. Rbb7 Re8 31. h4 Ke6 32. g4 hxg4 33. fxg4 Nc8 (33... f5 {
hilft allerdings auch nicht} 34. Rb6+ Kf7 35. gxf5 gxf5 36. exf5 $18) 34. Ra6+
Nd6 35. g5 (35. Rbb6 Rd8 36. h5 Kf7 37. Rxd6 Rxd6 38. Rxd6 gxh5 39. gxh5 39...
Kg7 $18) 35... Rd8 36. Rg7 Rb8 (36... fxg5 {
kann das Vorangegangene nicht ungeschehen machen} 37. hxg5 Rd7 38. Rxg6+ Ke7
39. Rh6 $18) 37. Rxg6 Rb1+ (37... Rf8 {aendert nichts mehr} 38. h5 Kd7 39. h6
$18) 38. Kf2 Kd7 39. Ra7+ Kc6 40. Rxf6 Rb2+ (40... Rd1 {
waere gleichermassen fruchtlos} 41. Re7 $18) 41. Kg3 Rd2 42. Ra5 (42. Ra6+ $142
{und Schwarz kann direkt aufgeben} 42... Kd7 43. Raxd6+ Rxd6 44. Rxd6+ 44...
Kxd6 $18) 42... Kd7 43. Rxe5 Rd4 (43... Nc4 {hilft allerdings auch nicht} 44.
Rf7+ Kd6 45. Re8 Rd3+ 46. Kf4 $18) 44. Kf4 (44. Rxd6+ {
waere im Gewinnsinne praeziser} 44... Kxd6 45. Rd5+ Rxd5 46. exd5 46... Kxd5
$18) 44... Kc6 (44... Nc4 {nuetzt auch nichts mehr} 45. Rd5+ Rxd5 46. exd5 $18)
45. h5 (45. g6 $5 $142 {erleichterte Weiss die Gewinnfuehrung} 45... Rd1 46.
Ree6 Kb5 47. Rxd6 47... Rg1 $18) 45... Rd1 (45... Kc7 {hilft auch nicht mehr}
46. Rc5+ Kb6 47. Rd5 Rxe4+ 48. Kf3 $18) 46. Ke3 (46. Ree6 $142 {ginge schneller
} 46... Rh1 47. Rxd6+ 47... Kc5 $18) 46... Re1+ 47. Kd2 Rh1 48. Ree6 Kc5 (48...
Rxh5 {holt die Kuh nicht vom Eis} 49. Rxd6+ Kc7 50. g6 $18) 1-0

[Event "ICS rated blitz match"]
[Site "204.178.125.65"]
[Date "1999.09.18"]
[Round "?"]
[White "blik"]
[Black "Hossa"]
[Result "1-0"]
[WhiteElo "2559"]
[BlackElo "2495"]
[PlyCount "102"]
[EventDate "1999.??.??"]

1. e4 c6 2. d4 d5 3. exd5 cxd5 4. c4 Nf6 5. Nc3 e6 6. Nf3 Nc6 7. a3 Be7 8. Be2
O-O 9. Bd3 dxc4 10. Bxc4 Bd7 11. O-O Rc8 12. Bg5 Ng4 13. Bxe7 Qxe7 14. h3 Nf6
15. Rc1 Qd6 16. Bb5 Rfd8 17. Re1 Rc7 18. Bd3 a6 19. Ne4 Nxe4 20. Bxe4 Qf4 21.
Qc2 Qh6 22. Qc5 Rdc8 23. Qd6 Be8 24. h4 Rd7 25. Qg3 Kh8 26. d5 exd5 27. Bf5 g6
28. Rxc6 bxc6 29. Qe5+ Kg8 30. Qxe8+ Rxe8 31. Rxe8+ Kg7 32. Bxd7 c5 33. Re1 Qf4
34. Bc6 Qc4 35. a4 d4 36. g3 a5 37. Kg2 h5 38. Re7 Qb3 39. Ng5 Kg8 40. Rxf7 d3
41. Rb7 Qa2 42. Rd7 Kf8 43. Nh7+ Kg8 44. Nf6+ Kf8 45. Bd5 Qxd5+ 46. Nxd5 Ke8
47. Nf6+ Kf8 48. Kf3 c4 49. Ke3 d2 50. Kxd2 c3+ 51. bxc3 51... g5 {
Hossa resigns} 1-0

[Event "ICS rated blitz match"]
[Site "204.178.125.65"]
[Date "1999.09.18"]
[Round "?"]
[White "blik"]
[Black "Hossa"]
[Result "1-0"]
[WhiteElo "2573"]
[BlackElo "2481"]
[PlyCount "94"]
[EventDate "1999.??.??"]

1. d4 d5 2. c4 c6 3. Nf3 Nf6 4. Nc3 dxc4 5. a4 c5 6. e4 Bg4 7. dxc5 Qxd1+ 8.
Kxd1 e5 9. Be3 Nbd7 10. c6 bxc6 11. Bxc4 Bb4 12. h3 Bh5 13. Bd3 Bxc3 14. bxc3
O-O 15. Kc2 Bg6 16. Nd2 Rfd8 17. Rhb1 Ne8 18. Rb7 Nd6 19. Rxa7 Rac8 20. a5 c5
21. c4 Nf8 22. Bg5 f6 23. Be3 Ne6 24. Kc1 Rc6 25. Ra3 Nc8 26. Rb7 Bh5 27. a6
Rcd6 28. Bc2 Nb6 29. a7 Na8 30. g4 Bg6 31. Rb8 Nd4 32. Ra6 R6d7 33. Bxd4 Rxd4
34. Nb3 R4d7 35. Nxc5 Rd2 36. Ne6 Rxc2+ 37. Kxc2 Re8 38. Kd2 h5 39. g5 Bf7 40.
Rc6 Kh7 41. Nc7 Rg8 42. Nxa8 Be8 43. Rc7 Bg6 44. Nb6 Bxe4 45. gxf6 Kh6 46. f7
Rf8 47. Rxf8 47... Kg5 {Hossa resigns} 1-0

[Event "ICS rated blitz match"]
[Site "204.178.125.65"]
[Date "1999.09.18"]
[Round "?"]
[White "blik"]
[Black "Hossa"]
[Result "0-1"]
[WhiteElo "2552"]
[BlackElo "2502"]
[PlyCount "172"]
[EventDate "1999.??.??"]

1. e4 c5 2. c3 e6 3. d4 d5 4. e5 Nc6 5. Nf3 cxd4 6. cxd4 Bb4+ 7. Nc3 Nge7 8.
Bd3 Bd7 9. Be3 Rc8 10. O-O O-O 11. a3 Bxc3 12. bxc3 Ng6 13. Qb1 Qc7 14. h4 f5
15. exf6 Rxf6 16. Bg5 Rxf3 17. gxf3 Nf8 18. Qb2 e5 19. Rab1 Bh3 20. Rfe1 Qf7
21. Qxb7 Qxf3 22. Bf1 Qg4+ 23. Kh2 Bxf1 24. Rxf1 exd4 25. cxd4 Nxd4 26. Qxd5+
Nfe6 27. Qg2 Nf3+ 28. Kh1 Qh5 29. Be7 Re8 30. Bd6 Qxh4+ 31. Bh2 Qh5 32. Ra1 Nf4
33. Qg3 Nxh2 34. Qxf4 Nxf1+ 35. Kg1 Ne3 36. fxe3 Qe2 37. Rb1 Qxe3+ 38. Qxe3
Rxe3 39. a4 Kf7 40. a5 Re2 41. Rb5 Re1+ 42. Kf2 Re7 43. Rf5+ Kg6 44. Rb5 Rc7
45. Re5 Rf7+ 46. Kg1 Rf5 47. Re6+ Rf6 48. Re7 Ra6 49. Re5 h5 50. Kf2 Kh6 51.
Kg3 g5 52. Rb5 Kg6 53. Rd5 Re6 54. Rd7 a6 55. Ra7 Kf5 56. Rf7+ Ke4 57. Ra7 Ke3
58. Kh3 Rd6 59. Ra8 Kf2 60. Kh2 g4 61. Rf8+ Ke3 62. Re8+ Kf4 63. Rf8+ Kg5 64.
Rg8+ Kh4 65. Ra8 Rd2+ 66. Kg1 Kh3 67. Rxa6 g3 68. Rf6 Rd1+ 69. Rf1 Rxf1+ 70.
Kxf1 Kh2 71. Ke2 g2 72. Kd3 g1=Q 73. Kc4 Qa1 74. Kb5 Kg3 75. a6 Kf4 76. Kb6 Ke5
77. a7 h4 78. Kb7 h3 79. a8=R Qxa8+ 80. Kxa8 Kd6 81. Ka7 h2 82. Kb6 h1=Q 83.
Kb5 Qh4 84. Kb6 Qb4+ 85. Ka6 Kc7 86. Ka7 86... Qa4# {blik checkmated} 0-1

[Event "ICS rated blitz match"]
[Site "204.178.125.65"]
[Date "1999.09.18"]
[Round "?"]
[White "blik"]
[Black "Hossa"]
[Result "1-0"]
[WhiteElo "2584"]
[BlackElo "2470"]
[PlyCount "152"]
[EventDate "1999.??.??"]

1. e4 c5 2. Nf3 Nc6 3. Bb5 g6 4. O-O Bg7 5. c3 Nf6 6. Re1 O-O 7. d4 cxd4 8.
cxd4 d6 9. Nc3 Bg4 10. Be3 a6 11. Be2 d5 12. e5 Ne4 13. Nxe4 dxe4 14. Ng5 Bxe2
15. Rxe2 Qd5 16. Qb1 Nxd4 17. Bxd4 Qxd4 18. Rxe4 Qd5 19. Nf3 Rad8 20. Qe1 Kh8
21. b3 Qe6 22. Rc1 Rc8 23. Rec4 Rxc4 24. Rxc4 Qd7 25. a4 Rd8 26. Rd4 Qc7 27.
Rxd8+ Qxd8 28. e6 f5 29. Ng5 Qd3 30. Qc1 Bf8 31. b4 Qb3 32. h3 Qxb4 33. Qc8
Qe1+ 34. Kh2 Qe5+ 35. g3 Qf6 36. h4 h6 37. Nh3 Kg7 38. Nf4 a5 39. h5 g5 40. Ng6
g4 41. Qxb7 Qxe6 42. Qa8 Qf6 43. Qxa5 Qg5 44. Qc3+ Kf7 45. Nf4 Qf6 46. Qc4+ Ke8
47. Ng6 Bg7 48. a5 Kd7 49. Qb5+ Kc7 50. a6 Qb6 51. Qxf5 Qxa6 52. Nxe7 Qe2 53.
Nd5+ Kd8 54. Ne3 Qf3 55. Qa5+ Kc8 56. Qc5+ Kd8 57. Nf5 Bc3 58. Nxh6 Kd7 59.
Qb5+ Kd6 60. Qf5 Be1 61. Qg6+ Kc7 62. Qg7+ Kc6 63. Nxg4 Bc3 64. Qg8 Kd7 65. Qc4
Ke7 66. h6 Kf8 67. h7 Ke7 68. Qc7+ Ke8 69. Qc8+ Ke7 70. h8=Q Bxh8 71. Qxh8 Qd1
72. Ne5 Qf1 73. f4 Qf2+ 74. Kh3 Qf1+ 75. Kg4 Qe2+ 76. Kg5 76... Kd6 {
Hossa resigns} 1-0